[Event "Leipzig VfB op 12th"]
[Site "Leipzig"]
[Date "2005.03.05"]
[Round "7"]
[White "Dyk, Roland"]
[Black "Friesse, Bernhard"]
[Result "1-0"]
[WhiteElo "1799"]
[BlackElo "2046"]
[PlyCount "85"]
[EventDate "2005.01.03"]
[EventType "swiss"]
[EventRounds "9"]
[EventCountry "GER"]
[SourceTitle "EXT 2008"]
[Source "ChessBase"]
[SourceDate "2007.11.25"]
[SourceVersion "1"]
[SourceVersionDate "2007.11.25"]
[SourceQuality "1"]

1. e4 e5 2. Nf3 d6 3. Bc4 Nc6 4. c3 Qe7 5. b4 g6 6. Na3 Bg7 7. Nc2 Nf6 8. Qe2 0-0 9. a4 Be6 10. Bd3 Nh5 11. g3 d5 12. b5 dxe4 13. Bxe4 Na5 14. Ba3 Qd7 15. Bxf8 Rxf8 16. Ng5 Bb3 17. Nb4 Rd8 18. Bc2 Bh6 19. Ne4 Bxc2 20. Nxc2 Qh3 21. 0-0-0 Qe6 22. c4 b6 23. Ne3 Qe7 24. d3 f5 25. Nc3 f4 26. Ng4 Bg5 27. Kb1 f3 28. Qb2 Qe6 29. h3 Rd4 30. Rhe1 Qd6 31. Nxe5 Bf6 32. Nxf3 Rxd3 33. Kc2 Rxd1 34. Rxd1 Qe6 35. Nd4 Qxh3 36. Kb1 Qg2 37. Qe2 Qa8 38. Nd5 Bg7 39. Ne6 Qe8 40. Ndxc7 Qe7 41. Rd8+ Kf7 42. Ng5+ Qxg5 43. Qe6# 1-0